| 000 | 00475nam a22001931a 4500 | ||
|---|---|---|---|
| 001 | 3729 | ||
| 003 | OSt | ||
| 005 | 20260204211902.0 | ||
| 008 | 050206s1984||||sp ||||||b||||||||||spa|| | ||
| 020 | _a8401380472 | ||
| 050 | _a220.9505 O2p | ||
| 082 | _a220.9505 O2p | ||
| 100 | _aOtero Silva, Miguel | ||
| 245 | _aLa piedra que era Cristo / Miguel Otero Silva | ||
| 264 | _aEspaña : Plaza y James | ||
| 300 | _a199 p | ||
| 650 | _a1.Historia BíblicaÌ | ||
| 942 |
_2ddc _cBK |
||
| 999 |
_c3729 _d3729 |
||